|
|
|
|
| LEADER |
00000nab a2200000uu 4500 |
| 001 |
vtls010899427 |
| 003 |
SK-MaSNL |
| 005 |
20260303202216.0 |
| 008 |
230222|1995 xo |||||||||||||||||eng| |
| 015 |
|
|
|a SNBRB
|
| 035 |
|
|
|a (urnnbn)urn:nbn:sk:snk:ar-a07h1j
|
| 035 |
|
|
|a (uuid)72b26fcc-4e6b-465f-85e4-ac73b333f7d8
|
| 035 |
|
|
|a urn:nbn:sk:snk-ab8re1
|
| 040 |
|
|
|a SNKBUCL
|b slo
|c SNKBUCL
|e AACR2
|
| 041 |
0 |
|
|a eng
|
| 044 |
|
|
|a xo
|c SK
|
| 100 |
1 |
|
|a Marcinčin, Anton,
|d 1940-
|4 aut
|9 212293
|
| 245 |
1 |
0 |
|a WOOL DYEING TO THE BLACK SHADE WITH HIGH COLOUR FASTNESS
|c A. Marcinčin, P. Hodul, V. Prchal
|
| 700 |
1 |
|
|a Hodul, Pavel,
|d 1942-
|4 aut
|9 40002
|
| 700 |
1 |
|
|a Prchal, V.
|4 aut
|9 1161158
|
| 773 |
0 |
|
|t Vlákna a textil
|g Roč. 2, č. 1 (1995), s. 14-19
|
| 958 |
|
|
|a OND
|
| 958 |
|
|
|a EUIPO
|
| 958 |
|
|
|a article10
|
| 999 |
|
|
|c 2178221
|d 2180151
|